000 01136nac a22002411u 4500
008 090407t xxu||||| |||| 00| 0 eng d
010 _a 2005924660
020 _a0324289782 (hbk.)
020 _a0324323484
020 _a9780324788907
035 _a(OCoLC)ocm61238798
082 0 0 _a330.015195
_bWOO
_220
100 _aWooldridge, Jeffrey M.
_93262
245 1 0 _aIntroductory econometrics : a modern approach
_ba modern approach /
_cJeffrey M. Wooldridge.
250 _a3rd ed.
260 _aMason, OH :
_bThomson/South-Western, 2006
_cc2006.
300 _axxii, 890 p. :
_bill. ;
_c24 cm.
504 _aIncludes bibliographical references (p. 854-858) and index.
650 0 _aEconometrics.
_93263
942 _cBB
_k330.015195WOO
_2ddc
999 _c3070
_d3070